000 00808nam a2200229Ia 4500
003 IN-BaIIA
008 211028s9999 xx 000 0 eng d
040 _cIIA Library
080 _a083.8:52-76
_bGEZ-I
100 _aGezari, Daniel Y.
_915296
245 0 _aCatalog of infrared observations
_bpt. I
_cDaniel Y. Gezari, Marion Schmitz and Jaylee M. Mead
250 _a2nd ed.
260 _aWashington
_bNational Aeronautics and Space Administration
_c1987
300 _axxi, 603p.
490 _aNASA reference publication; 1196
650 _aAstronomy and Astrophysics Thesaurus
650 _aCatalogue-Infrared observations
650 _aInfrared observations catalogue
700 _aMead, Jaylee M
_915297
700 _aSchmitz, Marion
_915295
942 _cBK
999 _c9265
_d9265